000
00346 a2200169 4500
001
162775
020
_a
978-85-89598-48-4
040
_c
Magnum
100
_a
Furnari, Eva
240
1
0
_a
VocĂȘ troca?
_l
por
245
1
0
_a
VocĂȘ troca?
300
_a
24
362
0
_a
2013
440
1
_a
Roda Viva
697
_a
LITERATURA INFANTIL
942
_c
BK
999
_c
162775
_d
162775